header

E.M. Forster (Record no. 77532)

MARC details
000 -LEADER
fixed length control field 01328nam a2200349Ia 4500
082 04 - DEWEY DECIMAL CLASSIFICATION NUMBER
Classification number 823.912
100 1# - MAIN ENTRY--AUTHOR NAME
Personal name Edwards, Mike,
245 10 - TITLE STATEMENT
Title E.M. Forster
260 ## - PUBLICATION, DISTRIBUTION, ETC. (IMPRINT)
Place of publication Basingstoke :
Name of publisher Palgrave,
Year of publication 2002.
300 ## - PHYSICAL DESCRIPTION
Number of Pages xii, 222 p.
490 1# - SERIES STATEMENT
Series statement Analysing texts
650 #0 - SUBJECT ADDED ENTRY--TOPICAL TERM
Topical Term English literature
856 40 - ELECTRONIC LOCATION AND ACCESS
Uniform Resource Identifier http://site.ebrary.com/lib/rucke/Doc?id=10047980

No items available.

© 2026 Rongo University
Contact us: librarian | system librarian | Rongo university